[Event "Open A"]
[Site "Pardubice CZE"]
[Date "2005.07.24"]
[Round "3"]
[White "Eryomenko,V"]
[Black "Tuma,J"]
[Result "1-0"]
[WhiteElo "2386"]
[BlackElo "2235"]

1.d4 d5 2.c4 c6 3.Nc3 Nf6 4.e3 e6 5.Nf3 Nbd7 6.Qc2 b6 7.b3 Be7 8.Bd3 Bb7
9.O-O O-O 10.Bb2 Bd6 11.Qe2 Qe7 12.e4 dxe4 13.Nxe4 Nxe4 14.Qxe4 Nf6 15.Qh4 h6
16.Rae1 Rfd8 17.Bb1 a5 18.a4 Rac8 19.Re2 Nd7 20.Qe4 Nf8 21.Qg4 f5 22.Qh3 Qc7
23.g4 fxg4 24.Qxg4 c5 25.dxc5 Bxc5 26.Ne5 Re8 27.Rd1 Rcd8 28.Red2 Rxd2 29.Rxd2 Rd8
30.Rxd8 Qxd8 31.Nd3 Qd7 32.Nxc5 bxc5 33.Be4 Bxe4 34.Qxe4 Nh7 35.h4 Nf6 36.Bxf6 gxf6
37.Qa8+ Kg7 38.Qxa5 Qd1+ 39.Kh2 Qd6+ 40.Kg2 Qc6+ 41.Kg1 e5 42.Qc3 Qd6 43.Kh2 Kf8
44.Qg3 f5 45.h5 Qf6 46.Qg6 Qh4+ 47.Kg1 Qf4 48.a5 e4 49.a6 e3 50.Qf6+ Kg8
51.Qe6+ Kh8 52.Qxe3 Qg4+ 53.Qg3 Qxh5 54.a7 Qe8 55.Qb8  1-0

[Event "Open A"]
[Site "Pardubice CZE"]
[Date "2005.07.24"]
[Round "3"]
[White "Gavrilov,Al1"]
[Black "Cernousek,L"]
[Result "1-0"]
[WhiteElo "2464"]
[BlackElo "2375"]

1.d4 d5 2.c4 c6 3.e3 Nf6 4.Nc3 e6 5.Nf3 Nbd7 6.Bd3 dxc4 7.Bxc4 b5 8.Bd3 Bb7
9.O-O b4 10.Ne4 Be7 11.Nxf6+ Nxf6 12.e4 O-O 13.e5 Nd7 14.Qc2 h6 15.Be4 Qb6
16.Be3 c5 17.Rfd1 Rfc8 18.dxc5 Nxc5 19.Bxb7 Qxb7 20.Rd4 b3 21.Qd1 bxa2 22.Rxa2 Rd8
23.h3 a5 24.Rxa5 Nb3 25.Rxa8 Rxa8 26.Rd7 Qc8 27.Ra7 Rxa7 28.Bxa7 Qc4 29.Be3 Nc5
30.Qd4 Qc2 31.Qc3 Qb1+ 32.Kh2 Na4 33.Qc6 Qa2 34.Qa8+ Kh7 35.Qa7 Bb4 36.g4 Kg8
37.Qa8+ Bf8 38.Bc5 Qd5 39.Qxf8+ Kh7 40.Be3 Qxf3 41.Qb4 Qc6 42.Bd4 Qc2 43.Kg3 Qd3+
44.f3 Qc2 45.b3 Nb2 46.Qc3 Qxc3 47.Bxc3 Nd3 48.b4 g5 49.b5 Nc5 50.h4 gxh4+
51.Kxh4 Kg6 52.b6 Nb7 53.f4 Nd8 54.Bb4 Nb7 55.Be7 Na5 56.Kg3 h5 57.gxh5+ Kxh5
58.Kf3 Nb7 59.Bg5 Nc5 60.Ke3 Kg4  1-0

[Event "Open A"]
[Site "Pardubice CZE"]
[Date "2005.07.24"]
[Round "3"]
[White "Gajewski,G"]
[Black "Potkin,V"]
[Result "0-1"]
[WhiteElo "2396"]
[BlackElo "2534"]

1.d4 d5 2.c4 c6 3.Nc3 Nf6 4.e3 e6 5.Nf3 a6 6.b3 Bb4 7.Bd2 Nbd7 8.Bd3 O-O
9.O-O Bd6 10.Rc1 Re8 11.Qc2 h6 12.h3 b6 13.cxd5 cxd5 14.Nxd5 Bb7 15.Nxf6+ Nxf6
16.e4 Nh5 17.Rfe1 Nf4 18.Bf1 f5 19.e5 Nxh3+ 20.gxh3 Ba3 21.Qd3 Bxc1 22.Rxc1 Qd7
23.Bg2 Qb5 24.Qxb5 axb5 25.Ne1 Bxg2 26.Nxg2 Rxa2 27.Bb4 Rb2 28.Rc3 Rb1+ 29.Kh2 Rb2
30.Nf4 Rxf2+ 31.Kg3 Rb2 32.Bd6 g5 33.Nh5 Kf7 34.d5 b4 35.dxe6+ Kg6 36.Bxb4 Kxh5
37.e7 Kg6 38.Rc6+ Kg7 39.Rc3 Kf7 40.Rf3 f4+ 41.Kg4 Kg6 42.Rd3 h5+ 43.Kf3 Kf5  0-1

[Event "Open A"]
[Site "Pardubice CZE"]
[Date "2005.07.24"]
[Round "3"]
[White "Jovanic,O"]
[Black "Holmsgaard,H"]
[Result "1-0"]
[WhiteElo "2447"]
[BlackElo "2316"]

1.d4 d5 2.c4 c6 3.Nc3 Nf6 4.e3 e6 5.Nf3 Nbd7 6.Bd3 dxc4 7.Bxc4 b5 8.Bd3 Bd6
9.O-O O-O 10.e4 e5 11.Bg5 Qe7 12.d5 cxd5 13.Nxd5 Qe6 14.Bxf6 Nxf6 15.Bxb5 Nxe4
16.Re1 Nc5 17.b4 Nd7 18.Ng5 Qh6 19.Ne4 Rd8 20.Rc1 f5 21.Nxd6 Qxd6 22.Rc6 Qf8
23.Nc7 Rb8 24.Ne6 Qe7 25.Nxd8 Qxd8 26.Rxc8  1-0

[Event "Mercosur Cup"]
[Site "Vicente Lopez ARG"]
[Date "2005.07.24"]
[Round "10"]
[White "Lafuente,P"]
[Black "Fernandez,D USA"]
[Result "1/2-1/2"]
[WhiteElo "2435"]
[BlackElo "2406"]

1.d4 d5 2.c4 c6 3.Nc3 Nf6 4.e3 e6 5.Nf3 Nbd7 6.Qc2 Bd6 7.Bd3 dxc4 8.Bxc4 O-O
9.O-O a6 10.a4 Qc7 11.Rd1 e5 12.h3 h6 13.b3 Re8 14.Bb2 exd4 15.Nxd4 Ne5 16.Bf1 Ng6
17.Nf5 Bxf5 18.Qxf5 Nh4 19.Qd3 Bh2+ 20.Kh1 Be5 21.Rab1 Rad8 22.Qc4 Nf5 23.Ba1 Rxd1
24.Rxd1 Rd8 25.Rd3 Nd6 26.Qc5 Re8 27.Kg1 Bh2+ 28.Kh1 Be5 29.Kg1 Bh2+ 30.Kh1 Be5  1/2-1/2

[Event "Open A"]
[Site "Pardubice CZE"]
[Date "2005.07.25"]
[Round "4"]
[White "Arutinian,D"]
[Black "Borovikov,V"]
[Result "1/2-1/2"]
[WhiteElo "2446"]
[BlackElo "2595"]

1.d4 d5 2.c4 c6 3.Nf3 Nf6 4.Nc3 e6 5.e3 Nbd7 6.Qc2 Bd6 7.Bd3 O-O 8.O-O dxc4
9.Bxc4 a6 10.a4 c5 11.Rd1 cxd4 12.exd4 Qc7 13.Bb3 b6 14.d5 e5 15.Bg5 Bb7
16.Rac1 Rac8 17.Qf5 Qb8 18.Bxf6  1/2-1/2

[Event "WYb18"]
[Site "Belfort FRA"]
[Date "2005.07.26"]
[Round "8"]
[White "Khusnutdinov,R"]
[Black "Gunsen,B"]
[Result "1-0"]
[WhiteElo "2354"]
[BlackElo "2120"]

1.c4 e6 2.d4 d5 3.Nc3 c6 4.Nf3 Nf6 5.e3 Nbd7 6.Qc2 b6 7.Be2 Bd6 8.O-O Bb7
9.e4 dxe4 10.Nxe4 Nxe4 11.Qxe4 Nf6 12.Qh4 h6 13.Bf4 c5 14.dxc5 Bxc5 15.Rad1 Qe7
16.Ne5 Rd8 17.Bg5 Bd6 18.Ng4 Rg8 19.Be3 Nd5 20.Qh5 Nxe3 21.fxe3 a6 22.b4 g6
23.Qxh6 f5 24.c5 bxc5 25.bxc5 Bb8 26.Rxd8+ Kxd8 27.Rb1 Kc8 28.c6 Bxc6 29.Bxa6+ Kd7
30.Nf2 Qf8 31.Qh4 Rh8 32.Qd4+ Bd6 33.Bb7 Qd8 34.Qg7+  1-0

[Event "Open A"]
[Site "Pardubice CZE"]
[Date "2005.07.26"]
[Round "5"]
[White "Paterek,M"]
[Black "Kosata,J"]
[Result "0-1"]
[WhiteElo "2288"]
[BlackElo "2192"]

1.d4 d5 2.c4 c6 3.Nc3 Nf6 4.e3 e6 5.Nf3 Nbd7 6.Qc2 b6 7.b3 Bb7 8.Bb2 Rc8
9.Be2 Be7 10.O-O O-O 11.e4 dxe4 12.Nxe4 c5 13.Ng3 Qc7 14.Rad1 Rfd8 15.Rfe1 cxd4
16.Nxd4 Bb4 17.Bc3 Bxc3 18.Qxc3 Nc5 19.b4 Nce4 20.Nxe4 Nxe4 21.Qe3 Qe7 22.a3 g6
23.Nb3 Nd6 24.c5 Nf5 25.Rxd8+ Rxd8 26.Qc3 bxc5 27.Nxc5 Nd4 28.Bf1 Ba8 29.Re3 Qg5
30.Rg3 Qh5 31.Rd3 e5 32.f4 Qg4 33.g3 Re8 34.h3 Qf5 35.Qb2 Nf3+ 36.Kg2 exf4
37.g4 Qg5  0-1

[Event "Open A"]
[Site "Pardubice CZE"]
[Date "2005.07.26"]
[Round "5"]
[White "Kolesar,Mil"]
[Black "Cernousek,L"]
[Result "0-1"]
[WhiteElo "2260"]
[BlackElo "2375"]

1.Nf3 d5 2.d4 Nf6 3.c4 c6 4.Nc3 e6 5.e3 Nbd7 6.Bd3 dxc4 7.Bxc4 b5 8.Bd3 Bb7
9.e4 b4 10.Na4 c5 11.e5 Nd5 12.O-O cxd4 13.Re1 g6 14.Bd2 Bg7 15.Bb5 a6 16.Nc5 axb5
17.Nxb7 Qb6 18.Nd6+ Ke7 19.Ng5 Nxe5 20.Ndxf7 Nxf7 21.Rxe6+ Qxe6 22.Nxe6 Kxe6
23.Qb3 Ra4 24.a3 Ne5 25.Bxb4 Rd8 26.Bc5 Rc4 27.Qh3+ Kf7 28.f4 Nxf4 29.Rf1 Rxc5
30.Rxf4+ Kg8 31.Qe6+ Kh8 32.Qe7 Rcd5 33.b3 d3 34.Rf1 d2 35.Rd1 Ng4  0-1

[Event "MTO Open"]
[Site "Biel SUI"]
[Date "2005.07.27"]
[Round "9"]
[White "Berczes,D"]
[Black "Misiano,F"]
[Result "1/2-1/2"]
[WhiteElo "2495"]
[BlackElo "2256"]

1.d4 d5 2.c4 c6 3.Nc3 Nf6 4.e3 e6 5.Nf3 Nbd7 6.Qc2 Bd6 7.b3 O-O 8.Be2 b6
9.O-O Bb7 10.Bb2 Rc8 11.Rad1 Qe7 12.e4 Nxe4 13.Nxe4 dxe4 14.Qxe4 Nf6 15.Qh4 c5
16.Rfe1 Ne4 17.Qxe7 Bxe7 18.d5 exd5 19.cxd5 Bd6 20.Bd3 Nf6 21.Nh4 Rfd8 22.Nf5 a6
23.Bf1 b5 24.g3 c4 25.bxc4 bxc4 26.Bh3 Ra8 27.Bc3 a5 28.Nxd6 Rxd6 29.Rb1 Nxd5
30.Be5 Rh6 31.Rxb7 Rxh3 32.Rd1 Nf6 33.Ra7 Re8 34.Bxf6 gxf6 35.Rxa5 Rc8 36.Rc1 f5
37.Rxf5 Rh6 38.a4 c3 39.Rc2 Rd6 40.Kg2 Rd4 41.a5 Ra4 42.h4 Kg7 43.f3 h6 44.g4 Rc7
45.Kf2 Ra1 46.h5 Kh7 47.Ke3 Kg7 48.Rb5 Ra4 49.Kd3 Ra7 50.Rxc3 R4xa5 51.Rxa5 Rxa5  1/2-1/2

[Event "Open A"]
[Site "Pardubice CZE"]
[Date "2005.07.27"]
[Round "6"]
[White "Fridman,D2"]
[Black "Voloshin,L"]
[Result "1-0"]
[WhiteElo "2566"]
[BlackElo "2477"]

1.d4 d5 2.c4 e6 3.Nc3 c6 4.e3 Nf6 5.Nf3 Nbd7 6.Bd3 dxc4 7.Bxc4 b5 8.Bd3 Bb7
9.a3 b4 10.Ne4 Nxe4 11.Bxe4 Nf6 12.Bd3 a5 13.O-O Be7 14.e4 O-O 15.Qc2 Nd7
16.Rd1 Qb8 17.g3 h6 18.Bf4 Bd6 19.e5 Be7 20.Bh7+ Kh8 21.Be4 Rc8 22.Qe2 Nb6
23.Bb1 Nd7 24.Qe3 Nf8 25.Bxh6 gxh6 26.Qxh6+ Kg8 27.Ng5 Bxg5 28.Qxg5+ Kh8
29.Qh6+ Kg8 30.Rd3 Rc7 31.Rf3 Qe8 32.Rf6 Qd8 33.Rf4 Ng6 34.Bxg6 fxg6 35.Rh4 Kf7
36.Qh7+ Ke8 37.Qxg6+ Kd7 38.Rh6 Kc8 39.Qh5 Rg7 40.Rxe6 Kc7 41.Rd6 Rd7 42.axb4 axb4
43.Rxa8 Bxa8 44.Rxd7+ Qxd7 45.e6 Qxe6 46.Qa5+ Kb8 47.Qxb4+ Bb7 48.Qf8+ Bc8
49.h4 Qe1+ 50.Kh2 Kb7 51.h5 Be6 52.g4 Qe2 53.Qg7+ Kb6 54.Kg3 Qf1 55.f3 Bd5
56.Qf6 Qg1+ 57.Kf4 Bxf3 58.Qd8+ Kb5 59.Kxf3 Qf1+ 60.Kg3 Qe1+ 61.Kf4 Qf2+
62.Kg5 Qe3+ 63.Kf5 Qf3+ 64.Kg6 Qe4+ 65.Kh6 Qe6+ 66.Kh7 Qxg4 67.Qb8+ Ka4 68.Qe5 Kb3
69.h6 Kc2 70.Qf6 Kb3 71.Qxc6 Kxb2 72.d5 Qf5+ 73.Kg7 Qg5+ 74.Kf7 Qh5+ 75.Ke7 Qe5+
76.Kd7 Ka1 77.d6 Qh2 78.Qa4+ Kb2 79.Qb4+ Ka2 80.Qc4+ Ka1 81.Qe6 Qh1 82.Ke7 Kb1
83.Qf5+ Ka2 84.d7 Qh4+ 85.Qf6 Qb4+ 86.Kf7 Qb7 87.Qe6+ Kb1 88.h7 Qf3+ 89.Ke7 Qa3+
90.Ke8 Qc3 91.d8=Q Qh8+ 92.Qg8 Qe5+ 93.Kf7 Qf5+ 94.Kg7 Qe5+ 95.Qf6 Qc7+ 96.Kh8 Qc3
97.Qa2+ Kxa2 98.Qxc3  1-0

[Event "MTO Open"]
[Site "Biel SUI"]
[Date "2005.07.28"]
[Round "10"]
[White "Golod,V"]
[Black "Costa,JL"]
[Result "1-0"]
[WhiteElo "2582"]
[BlackElo "2381"]

1.Nf3 d5 2.c4 e6 3.d4 c6 4.e3 Nf6 5.Nc3 Nbd7 6.Qc2 a6 7.a4 Bb4 8.Bd3 c5 9.O-O dxc4
10.Bxc4 cxd4 11.exd4 O-O 12.Bg5 h6 13.Bh4 Qc7 14.Ba2 b6 15.Rac1 Bb7 16.Qd3 Qd6
17.Rfe1 Bxf3 18.Bg3 Qc6 19.gxf3 Bxc3 20.Bb3 Nd5 21.bxc3 b5 22.a5 N7f6 23.Be5 Rfc8
24.Kh1 Nd7 25.Bg3 Nxc3 26.d5 exd5 27.Rxc3 Qxc3 28.Re8+ Rxe8 29.Qxc3 Rac8
30.Qd4 Nf6 31.Be5 Re6 32.h3 Rd8 33.Kh2 Rde8 34.f4 Rd8 35.Bc2 Rc6 36.Bf5 Kf8
37.Qa7 g6 38.Qb7 Rdd6 39.Bxd6+ Rxd6 40.Bd3 Nd7 41.f5 gxf5 42.Bxf5 Ne5 43.Qb8+ Ke7
44.Qc7+ Nd7 45.Kg1 d4 46.Kf1 d3 47.Ke1 Rd5 48.Bxd7 d2+ 49.Kd1 Rxd7 50.Qe5+ Kf8
51.Qf6 b4 52.Qxh6+ Ke7 53.Qxa6  1-0

[Event "Open A"]
[Site "Pardubice CZE"]
[Date "2005.07.28"]
[Round "7"]
[White "Tunik,G"]
[Black "Borovikov,V"]
[Result "0-1"]
[WhiteElo "2446"]
[BlackElo "2595"]

1.d4 d5 2.c4 c6 3.Nf3 Nf6 4.Nc3 e6 5.e3 Nbd7 6.Bd3 dxc4 7.Bxc4 b5 8.Bd3 a6
9.a4 Bb7 10.Qe2 b4 11.Ne4 Nxe4 12.Bxe4 Be7 13.O-O O-O 14.b3 Qc7 15.Bb2 c5
16.Bxb7 Qxb7 17.Rfd1 cxd4 18.Bxd4 Bf6 19.Qb2 Rac8 20.Rac1 h6 21.Ne5 Rxc1
22.Rxc1 Rc8 23.Rxc8+ Qxc8 24.Nc4 e5 25.Bb6 Nxb6 26.Nxb6 Qd8  0-1

[Event "Open Dutch Championship"]
[Site "Dieren NED"]
[Date "2005.07.30"]
[Round "5"]
[White "Slavina,I"]
[Black "Slingerland,F"]
[Result "1/2-1/2"]
[WhiteElo "2391"]
[BlackElo "2259"]

1.d4 d5 2.c4 c6 3.Nc3 Nf6 4.e3 e6 5.Nf3 Nbd7 6.Bd3 dxc4 7.Bxc4 b5 8.Be2 a6
9.e4 b4 10.e5 bxc3 11.exf6 Nxf6 12.bxc3 Bd6 13.O-O O-O 14.Bg5 Qc7 15.Bxf6 gxf6
16.c4 c5 17.d5 Bb7 18.Bd3 Rfd8 19.Re1 f5 20.Qc2 Re8 21.h3 Re7 22.Re2 Rae8
23.Rae1 exd5 24.cxd5 Bxd5 25.Nh4 Rxe2 26.Rxe2 Rxe2 27.Qxe2 Qe7 28.Nxf5 Qxe2
29.Bxe2 Bf8 30.Ne3 Bxa2 31.Bxa6 Be6 32.Bc4 Bc8 33.Kf1 Bg7 34.Nd5 Be6 35.Nb6 Bxc4+
36.Nxc4 Bd4 37.Ke2 Kg7 38.f4 Kf6 39.g4 Ke6 40.Kd3 Kd5 41.h4 f6 42.g5 Bf2
43.f5 fxg5 44.hxg5 Bh4  1/2-1/2

[Event "15th ETC Women"]
[Site "Gothenburg SWE"]
[Date "2005.07.30"]
[Round "1"]
[White "Danielian,E"]
[Black "Medic,Mir"]
[Result "1-0"]
[WhiteElo "2433"]
[BlackElo "2268"]

1.Nf3 d5 2.d4 Nf6 3.c4 e6 4.Nc3 c6 5.e3 Bd6 6.Qc2 Nbd7 7.Be2 O-O 8.O-O Qe7
9.e4 dxe4 10.Nxe4 Nxe4 11.Qxe4 e5 12.Bg5 f6 13.Bd3 g6 14.Bh6 Re8 15.c5 Bc7
16.Bc4+ Kh8 17.Rae1 Nf8 18.dxe5 Be6 19.exf6 Qxf6 20.Bd2 Bxc4 21.Qxc4 Nd7
22.Bc3 Ne5 23.Nxe5 Bxe5 24.Rxe5  1-0

[Event "Open A"]
[Site "Pardubice CZE"]
[Date "2005.07.30"]
[Round "9"]
[White "Gajewski,G"]
[Black "Sumets,A"]
[Result "1/2-1/2"]
[WhiteElo "2396"]
[BlackElo "2477"]

1.d4 d5 2.c4 e6 3.Nc3 c6 4.Nf3 Nf6 5.e3 Nbd7 6.Qc2 b6 7.Be2 Bb7 8.O-O Bd6
9.b3 O-O 10.Bb2 Qe7 11.Rad1 Rad8 12.Rfe1 Rfe8 13.e4 dxe4 14.Nxe4 Nxe4 15.Qxe4 Nf6
16.Qc2 c5  1/2-1/2

[Event "Open A"]
[Site "Pardubice CZE"]
[Date "2005.07.30"]
[Round "9"]
[White "Sundararajan,K"]
[Black "Fridman,D2"]
[Result "1/2-1/2"]
[WhiteElo "2484"]
[BlackElo "2566"]

1.d4 d5 2.c4 c6 3.Nc3 Nf6 4.e3 e6 5.Nf3 Nbd7 6.Bd3 dxc4 7.Bxc4 b5 8.Bd3 Bb7
9.e4 b4 10.Na4 c5 11.e5 Nd5 12.dxc5 Nxc5 13.Nxc5 Bxc5 14.O-O h6 15.Nd2 Qc7
16.Re1 Ne7 17.Ne4 Qxe5 18.Be3 Bxe3 19.Nd6+ Kf8 20.Nxb7 Qd5 21.Rxe3  1/2-1/2

[Event "15th ETC"]
[Site "Gothenburg SWE"]
[Date "2005.07.31"]
[Round "2"]
[White "Hellsten,J"]
[Black "Ivanisevic,I"]
[Result "1/2-1/2"]
[WhiteElo "2582"]
[BlackElo "2577"]

1.d4 d5 2.c4 e6 3.Nc3 c6 4.e3 Nf6 5.Nf3 Nbd7 6.a3 Bd6 7.Bd3 O-O 8.O-O e5
9.cxd5 cxd5 10.Nb5 Bb8 11.dxe5 Nxe5 12.Be2 Nxf3+ 13.Bxf3 a6 14.Nd4 Qd6 15.g3 Bh3
16.Bg2 Qd7 17.Bd2 Ne4 18.Rc1 Be5 19.Bc3 Rfe8 20.Ne2 Bxg2 21.Kxg2 Nxc3 22.Nxc3 Rad8
23.Qf3 d4 24.exd4 Bxd4 25.Rfd1 Qc6 26.Qxc6 bxc6 27.Rc2 c5 28.Na4 Rd6 29.Rdc1 g6
30.Nxc5 a5 31.Na4 Bf6 32.Rc6 Ree6 33.Rxd6 Rxd6 34.Rc2 Kg7 35.h4 h5 36.Kf3 Rd3+
37.Ke2 Rb3 38.Rd2 Kf8 39.Kd1 Ke8 40.Kc2 Rf3 41.Nc5 Be7 42.Nd3 Bd6 43.Re2+ Kd7
44.Re4 Kc6 45.Ra4 Rf5 46.b4 Bc7 47.bxa5 Kb5 48.Re4 Kxa5 49.Kd2 Kb5 50.Ke2 Bd6
51.a4+ Kc6 52.Rc4+ Kd7 53.Rd4  1/2-1/2

[Event "15th ETC"]
[Site "Gothenburg SWE"]
[Date "2005.07.31"]
[Round "2"]
[White "Markus,R"]
[Black "Agrest,E"]
[Result "1/2-1/2"]
[WhiteElo "2591"]
[BlackElo "2592"]

1.d4 d5 2.c4 c6 3.Nc3 Nf6 4.e3 e6 5.Nf3 a6 6.c5 Nbd7 7.b4 g6 8.Bd3 Bg7 9.O-O O-O
10.e4 dxe4 11.Nxe4 Nxe4 12.Bxe4 a5 13.Bg5 f6 14.Bd2 axb4 15.Qb3 Kh8 16.Bxb4 Nb8
17.Rfe1 Na6 18.Bc3 Nc7 19.Bb2 Bh6 20.Bc1 Bg7 21.Bf4 Nd5 22.Bd6 Rf7 23.Nd2 b5
24.a4 Rfa7 25.Bxd5 exd5 26.a5 Rxa5 27.Rxa5 Rxa5 28.h3 Ra7 29.Qe3 Bd7 30.Qf4 Be8
31.h4 Bf7 32.h5 gxh5 33.Nf3 Bg6 34.Nh4 b4 35.Nf5 b3 36.Be7 Qc7 37.Bd6 Qd8
38.Be7 Qc7 39.Bd6 Qd8 40.Be7  1/2-1/2

[Event "15th ETC Women"]
[Site "Gothenburg SWE"]
[Date "2005.07.31"]
[Round "2"]
[White "Peng Zhaoqin"]
[Black "Danielian,E"]
[Result "1/2-1/2"]
[WhiteElo "2405"]
[BlackElo "2433"]

1.d4 d5 2.c4 c6 3.Nc3 Nf6 4.e3 e6 5.Nf3 Nbd7 6.Qc2 Bd6 7.Bd3 O-O 8.O-O dxc4
9.Bxc4 b5 10.Bd3 Bb7 11.h3 a6 12.Ng5 h6 13.Nge4 Be7 14.Rd1 Qc7 15.Nxf6+ Nxf6
16.Ne4 Nxe4 17.Bxe4 Rac8 18.Bd2 c5 19.dxc5 Bxc5 20.Rac1 Qb8 21.Bxb7 Qxb7
22.Qb3  1/2-1/2

[Event "15th ETC Women"]
[Site "Gothenburg SWE"]
[Date "2005.07.31"]
[Round "2"]
[White "Schuurman,P"]
[Black "Aginian,N"]
[Result "1/2-1/2"]
[WhiteElo "2266"]
[BlackElo "2324"]

1.d4 d5 2.c4 c6 3.Nc3 Nf6 4.e3 e6 5.Nf3 Nbd7 6.Bd3 dxc4 7.Bxc4 b5 8.Bd3 Bb7
9.O-O b4 10.Ne4 Be7 11.a3 Nxe4 12.Bxe4 Nf6 13.Bd3 bxa3 14.b4 O-O 15.Bxa3 Nd5
16.Qc2 h6 17.Rfb1 Rc8 18.Ne5 Qe8 19.Qd2 Nc7 20.Bb2 a6 21.Rc1 Nb5 22.Be4 Bd6
23.Nd3 Qe7 24.f4 Rfd8 25.Rc2 Na7 26.Nc5 Rb8 27.Qe2 Rdc8 28.Bc3 Nb5 29.g3 Ra8
30.Be1 Rab8 31.Qg2 g6 32.Nd3 Na7 33.Nc5 Nb5 34.Rac1 Na3 35.Ra2 Nb5 36.Ra4 Na7
37.Bf3 Nb5 38.Raa1 Rc7 39.Nxb7 Rcxb7 40.Rxa6 Bxb4 41.Bxb4 Qxb4 42.Raxc6 Ra7
43.d5 Qb3 44.dxe6 Qxe3+ 45.Qf2 Qxf2+ 46.Kxf2 Ra2+ 47.R1c2 Rxc2+ 48.Rxc2 Nd4
49.exf7+ Kxf7 50.Bd5+ Kf6 51.Rd2 Rb4 52.Ra2 Rb6 53.Rd2 Rb4 54.g4 Nb5 55.Kg3 Nd6
56.h4 Ne4+ 57.Bxe4 Rxe4 58.Rd6+ Kg7 59.Rd7+ Kg8 60.Kf3 Ra4 61.Ke3 Rb4 62.Rd1 Rb3+
63.Rd3 Rb1 64.Kf3 Rh1 65.Kg3 Rg1+ 66.Kf3 Rh1 67.Rd6 Kg7 68.Rd7+ Kg8 69.g5 Rxh4
70.Rd8+ Kg7 71.Rd7+ Kg8 72.gxh6 Rxh6 73.Ke4 Rh5 74.Re7 Kf8 75.Re5 Rxe5+ 76.Kxe5 Kf7
77.f5 gxf5 78.Kxf5  1/2-1/2

[Event "15th ETC Women"]
[Site "Gothenburg SWE"]
[Date "2005.07.31"]
[Round "2"]
[White "Maric,A"]
[Black "Kosteniuk,A"]
[Result "0-1"]
[WhiteElo "2415"]
[BlackElo "2516"]

1.d4 d5 2.Nf3 Nf6 3.c4 e6 4.Nc3 c6 5.e3 Nbd7 6.Qc2 Bd6 7.Bd3 O-O 8.O-O dxc4
9.Bxc4 a6 10.Bd3 c5 11.Ne4 Nxe4 12.Bxe4 f5 13.Bd3 b5 14.Qe2 Bb7 15.Rd1 c4
16.Bc2 Nf6 17.Bd2 Qc7 18.h3 Qc6 19.Rac1 Ne4 20.Be1 Rf6 21.b3 Rg6 22.d5 exd5
23.Nd4 Qe8 24.Nxf5 Ba3 25.Rb1 d4 26.f3 d3 27.Bxd3 cxd3 28.Rxd3 Ng5 29.Nh4 Nxh3+
30.Kf1 Rf6 31.gxh3 Be4 32.Rbd1 Bxd3 33.Rxd3 Qe6 34.Qg2 Be7 35.f4 Rc8 36.Bc3 Rf7
37.Nf3 Bf6 38.Bxf6 Qxf6 39.Nd4 Rfc7 40.Rd1 Kh8 41.Qg4 Re8 42.Rd3 g6 43.Kf2 b4
44.Ke2 a5 45.Kf2 Qe7 46.Qd1 Rec8 47.Nf3 Rc1 48.Qe2 R8c2 49.Rd2 Qe4 50.Ne1 Rxd2
51.Qxd2 Rc3 52.Qd8+ Kg7 53.Qb6 Qf5 54.Qd4+ Kh6 55.Kg3 Qc5 56.Qxc5 Rxc5 57.e4 Rc1
58.Nf3 Ra1 59.e5 Rxa2 60.e6 Kg7 61.Nd4 Kf6  0-1

[Event "15th ETC Women"]
[Site "Gothenburg SWE"]
[Date "2005.08.01"]
[Round "3"]
[White "Rozic,V"]
[Black "Nagy,Lau"]
[Result "1/2-1/2"]
[WhiteElo "2192"]
[BlackElo "1933"]

1.d4 Nf6 2.Nf3 d5 3.c4 c6 4.e3 e6 5.Nc3 Be7 6.Be2 Nbd7 7.O-O O-O 8.b3 dxc4
9.Bxc4 Qc7 10.Bb2 e5 11.dxe5 Nxe5 12.Nxe5 Qxe5 13.Nd5 Qxb2 14.Nxe7+ Kh8 15.Nxc8 Raxc8
16.Rb1 Qe5 17.Qf3 Rcd8 18.Rbd1 Kg8 19.Rfe1 Qc7 20.Bd3 Qa5 21.Qe2 Rd7 22.Bb1 Rfd8
23.Rxd7 Rxd7 24.Rd1 Qc7 25.h3 Rxd1+ 26.Qxd1 c5 27.e4 g6 28.Qd2 Kg7 29.f4 Qe7
30.e5 Ne8 31.Be4 b6 32.Qf2 f6 33.exf6+ Nxf6 34.Bf3 Qd6 35.Qe3 h5 36.f5 gxf5
37.Qg5+ Kf8 38.Qxf5 Qd4+ 39.Kh2 h4 40.Qc2 Qe5+ 41.Kh1 Qe1+ 42.Kh2 Qg3+ 43.Kh1 Qe1+  1/2-1/2

[Event "Open"]
[Site "Nice FRA"]
[Date "2005.08.01"]
[Round "1"]
[White "Siebrecht,S"]
[Black "Tournier,Math"]
[Result "1-0"]
[WhiteElo "2487"]
[BlackElo "2215"]

1.d4 d5 2.Nf3 Nf6 3.c4 c6 4.Nc3 e6 5.e3 Nbd7 6.Qc2 Bd6 7.Be2 O-O 8.O-O Qe7
9.Rd1 dxc4 10.Bxc4 e5 11.e4 h6 12.h3 Re8 13.a3 a6 14.Ba2 Bb8 15.Be3 Ba7 16.Re1 exd4
17.Nxd4 Nf8 18.Rad1 Be6 19.e5 Bxd4 20.Bxd4 N6d7 21.Bb1 c5 22.Be3 Nxe5 23.f4 Nc4
24.Bf2 f5 25.Nd5 Qf7 26.Qxc4 Red8 27.Ba2 b5 28.Qxc5 Rac8 29.Ne7+  1-0

[Event "Open Dutch Championship"]
[Site "Dieren NED"]
[Date "2005.08.02"]
[Round "7"]
[White "Odendahl,R"]
[Black "Slingerland,F"]
[Result "1-0"]
[WhiteElo "2376"]
[BlackElo "2259"]

1.Nf3 Nf6 2.c4 c6 3.Nc3 d5 4.e3 e6 5.d4 Nbd7 6.Qc2 Bd6 7.e4 Nxe4 8.Nxe4 dxe4
9.Qxe4 O-O 10.Bd3 Nf6 11.Qh4 Qa5+ 12.Bd2 Bb4 13.O-O-O Bxd2+ 14.Rxd2 Qxa2
15.g4 Qa1+ 16.Bb1 e5 17.dxe5 Ne4 18.Re1 f5 19.exf6 Nxf6 20.Ne5 Be6 21.Re3 Rfd8
22.Ra3 Qxb1+ 23.Kxb1 Rxd2 24.g5 Ne8 25.Qf4 Rd1+ 26.Kc2 Rad8 27.Rf3 Nc7 28.Nd3 R1xd3
29.Rxd3  1-0

[Event "15th ETC Women"]
[Site "Gothenburg SWE"]
[Date "2005.08.02"]
[Round "4"]
[White "Peng Zhaoqin"]
[Black "Cramling,P"]
[Result "1/2-1/2"]
[WhiteElo "2405"]
[BlackElo "2494"]

1.d4 d5 2.c4 c6 3.Nc3 Nf6 4.e3 e6 5.Nf3 a6 6.b3 Bb4 7.Bd2 O-O 8.Bd3 Nbd7
9.O-O Qe7 10.Qc2 Re8 11.Rfe1 dxc4 12.Bxc4 b5 13.Bd3 c5 14.a3 cxd4 15.Nxd4 Bc5
16.b4 Bxd4 17.exd4 Bb7 18.a4 Qd6 19.h3 Qxd4 20.axb5 axb5 21.Nxb5 Qd5 22.Bf1 Ne5
23.Rxe5 Qxe5 24.Re1 Qd5 25.Be3 Rec8 26.Qb2 Ra2 27.Qb1 Rac2 28.Bc5 Qa2 29.Nd6 Rc7
30.Bd3 Qxb1 31.Rxb1 Rd2 32.Bb5 Bd5 33.Be3 Ra2 34.Bf1 Ne4 35.Nxe4 Bxe4 36.Rd1 h6
37.b5 Rb2 38.b6 Rc6 39.Rd8+ Kh7 40.Kh2 f5 41.Bd4 Rcxb6 42.Bxb6 Rxb6 43.f3 Bd5
44.Bd3 g6 45.Rd7+ Kg8 46.h4 Rb3 47.Ba6 g5 48.hxg5 hxg5 49.Bc8 Rb2 50.Kg3 Kf8
51.Ba6 Rd2 52.Bc4 f4+ 53.Kh2 g4 54.Bxd5 exd5 55.fxg4 f3 56.Kg1 Ke8 57.Ra7 Rxg2+
58.Kf1 Rxg4 59.Kf2 Rf4 60.Ra5 Rf5 61.Ra7 Kd8 62.Rb7 Kc8 63.Ra7 Kd8 64.Rb7 Ke8
65.Ra7 d4 66.Ra4 Rf4 67.Ra3 Ke7 68.Rxf3 Re4 69.Ra3 Kd6 70.Kf3 Re7 71.Ra5 Kc6
72.Kf2 Re4 73.Kf3 Re1 74.Kf2 Re8 75.Kf3 d3 76.Ra3 Rd8 77.Ra1 Kc5 78.Ke3 Kc4
79.Kd2 Rh8 80.Ra4+ Kb3  1/2-1/2

[Event "15th ETC Women"]
[Site "Gothenburg SWE"]
[Date "2005.08.02"]
[Round "4"]
[White "Benderac,A"]
[Black "Mietzner,T"]
[Result "1/2-1/2"]
[WhiteElo "2289"]
[BlackElo "2286"]

1.d4 d5 2.Nf3 c6 3.e3 Nf6 4.c4 e6 5.Nc3 Nbd7 6.Bd3 dxc4 7.Bxc4 b5 8.Bd3 Bd6
9.O-O O-O 10.e4 e5 11.d5 cxd5 12.Nxd5 Nxd5 13.exd5 a6 14.Qc2 Nf6 15.Bg5 h6
16.Bxf6 Qxf6 17.Qc6 Rb8 18.Nd2 Rd8 19.Be4 Bb7 20.Qc3 Rbc8 21.Qf3 Bb4 22.Rfd1 Bxd2
23.Qxf6 gxf6 24.Rxd2 Rd6 25.Rad1 Rc4 26.f3 Bc8 27.Bc2 Kg7 28.Bb3 Rc5 29.Rc2 Rxc2
30.Bxc2 f5 31.Bb3 Kf6 32.Rc1 Bb7 33.Rc5 Kg5 34.Kf2 f4  1/2-1/2

[Event "15th ETC Women"]
[Site "Gothenburg SWE"]
[Date "2005.08.02"]
[Round "4"]
[White "Horvath,Maria AUT"]
[Black "Seps,M"]
[Result "0-1"]
[WhiteElo "2039"]
[BlackElo "2173"]

1.d4 d5 2.c4 c6 3.Nf3 Nf6 4.Nc3 e6 5.e3 Nbd7 6.Bd3 dxc4 7.Bxc4 b5 8.Bd3 a6
9.e4 c5 10.d5 c4 11.dxe6 fxe6 12.Bc2 Qc7 13.Nd4 Nc5 14.O-O b4 15.Nb1 Be7
16.Qe2 e5 17.Nf5 Bxf5 18.exf5 Ncd7 19.Nd2 Rc8 20.Nf3 O-O 21.Ng5 Qc6 22.Qe3 Nd5
23.Qg3 Bxg5 24.Bxg5 h6 25.Bd2 Qf6 26.Be4 N7b6 27.Rfe1 c3 28.bxc3 bxc3 29.Bc1 Rfd8
30.Rb1 a5 31.Qf3 Qd6 32.Rb5 Rc5 33.Rxc5 Qxc5 34.Bc2 Qc7 35.Qg3 Kh8 36.Qxe5 Qxe5
37.Rxe5 Nb4 38.f6 Nxc2  0-1

[Event "15th ETC"]
[Site "Gothenburg SWE"]
[Date "2005.08.02"]
[Round "4"]
[White "Kyriakidis,T"]
[Black "Haznedaroglu,K"]
[Result "0-1"]
[WhiteElo "2144"]
[BlackElo "2430"]

1.d4 d5 2.c4 c6 3.e3 Nf6 4.Nc3 e6 5.Nf3 Nbd7 6.Bd3 b6 7.O-O Bb7 8.e4 dxe4
9.Nxe4 Qc7 10.a3 c5 11.Re1 Be7 12.Nxf6+ Bxf6 13.d5 O-O-O 14.dxe6 Ne5 15.Nxe5 Bxe5
16.Rxe5 Qxe5 17.exf7 Qe4  0-1

[Event "Open"]
[Site "Nice FRA"]
[Date "2005.08.02"]
[Round "3"]
[White "Tkachiev,V"]
[Black "Leer Salvesen,B"]
[Result "1/2-1/2"]
[WhiteElo "2625"]
[BlackElo "2374"]

1.d4 d5 2.c4 e6 3.Nc3 c6 4.e3 Nf6 5.Nf3 Nbd7 6.Bd3 dxc4 7.Bxc4 b5 8.Bd3 b4
9.Ne4 Nxe4 10.Bxe4 Bb7 11.O-O Bd6 12.a3 Nf6 13.Bd3 bxa3 14.bxa3 c5 15.dxc5 Bxc5
16.Bb5+ Ke7 17.Qe2 Qc7 18.Bb2 Rac8 19.Rfc1 Qb8 20.Rab1 Bd6 21.Bc6 Rxc6 22.Bxf6+ gxf6
23.Rxc6 Bxc6 24.Rxb8 Rxb8 25.Qc2 Bxa3 26.Qxh7 a5 27.h4  1/2-1/2

[Event "15th ETC"]
[Site "Gothenburg SWE"]
[Date "2005.08.03"]
[Round "5"]
[White "Pilaj,H"]
[Black "Muir,A"]
[Result "1/2-1/2"]
[WhiteElo "2425"]
[BlackElo "2322"]

1.d4 d5 2.Nf3 Nf6 3.c4 e6 4.Nc3 c6 5.e3 Nbd7 6.Qc2 Bd6 7.Be2 O-O 8.O-O dxc4
9.Bxc4 b5 10.Bd3 Bb7 11.a3 Rc8 12.h3 c5 13.Nxb5 cxd4 14.Qe2 Bxf3 15.Qxf3 Ne5
16.Qe2 dxe3 17.Bxe3 Nxd3 18.Rfd1 Bc5 19.Rxd3  1/2-1/2